Normal view
MARC view
Entry Nombre personal
001 - NÚMERO DE CONTROL
- campo de control: 28543
003 - IDENTIFICADOR DEL NÚMERO DE CONTROL
- campo de control: FranzMayer
005 - FECHA Y HORA DE LA ÚLTIMA TRANSACCIÓN
- campo de control: 20220912141428.0
008 - DATOS DE LONGITUD FIJA
- campo de control de longitud fija: 220912|| aca||aabn | a|a d
040 ## - FUENTE DE LA CATALOGACIÓN
- Centro catalogador/agencia de origen: FranzMayer
- Centro/agencia transcriptor: FranzMayer
100 ## - ENCABEZAMIENTO-NOMBRE DE PERSONA
- Nombre de persona: Katsushika, Hokusai,
- Fechas asociadas al nombre: 1760-1849
- Subdivisión de forma: Catálogo
- Subdivisión general: Arte
- Subdivisión geográfica: Japón
670 ## - FUENTE DE DATOS ENCONTRADOS
- Cita de la fuente: Work cat.: (FranzMayer)10845: Katsushika Hokusai : , 2019